Célébrités : prénoms composés - Statistiques

Statistiques générales
  • Ce quiz a été pris 77 fois
  • Le résultat moyen est 24 sur 44
Statistiques - réponses
Prénom % Correct
Jean
100%
Pierre
100%
Louis
99%
Marie
99%
Anne
96%
Paul
96%
Jacques
93%
Michel
93%
Luc
92%
Claude
90%
François
86%
Sophie
86%
Yves
85%
Napoléon
82%
Sébastien
80%
Marc
79%
Claire
73%
José
72%
Olivier
69%
Xavier
66%
Ferdinand
65%
Baptiste
61%
Pascal
59%
Antoinette
54%
Emerick
52%
Philippe
51%
Émile
41%
Loup
35%
René
34%
Ambroise
32%
Patrick
32%
Charles
27%
Christophe
27%
Hugues
27%
Thérèse
27%
Joseph
24%
Honoré
11%
Karl
10%
Simon
10%
Bernadette
7%
Maurice
7%
Augustin
6%
Amélie
3%
Lazare
3%
Aucun quiz correspondant
Distribution des résultats
% des personnes avec chaque résultat
Percentile par nombre de réponses
Votre historique - résultats
Vous n’avez pas pris ce quiz